El Ferrocarril de Basella : crònica d'un projecte oblidat / Esther Miralles crònica d'un projecte oblidat / Esther Miralles
Publicado:
Oppidum, revista cultural del solsonès, núm. 5 (2006), pàg. 57 - 69 :
Descripción Física:
mapes, gràf. ; 30 cm
MARC
| LEADER | 00000nam a2200000Ia 4500 | ||
|---|---|---|---|
| 001 | 19072 | ||
| 008 | 160829s9999 xx 000 0 cat d | ||
| 080 | |a FU-2-13 | ||
| 100 | |a Miralles, Esther |9 44860 | ||
| 245 | |a El Ferrocarril de Basella : |b crònica d'un projecte oblidat / Esther Miralles | ||
| 260 | |a Oppidum, revista cultural del solsonès, núm. 5 (2006), pàg. 57 - 69 | ||
| 300 | |a mapes, gràf. ; |c 30 cm | ||
| 590 | |a S'ha utilitzat el fons de l'Arxiu General de la Diputació de Barcelona. | ||
| 590 | |a La revista inclou un DVD dels deportats del Solsonès als camps de concentració nazis | ||
| 650 | |a Ferrocarrils |x Solsonès |9 44861 | ||
| 650 | 0 | |a Ferrocarrils |z Catalunya |9 44862 | |
| 901 | |a Arxiu | ||
| 942 | |n 1 | ||
| 952 | |0 0 |1 0 |4 0 |6 FU213 |7 1 |9 52216 |a Arxiu |b Arxiu |d 2016-12-01 |l 0 |o FU-2-13 |p 19072 |r 2016-12-01 00:00:00 |w 2016-12-01 |y ARXIU | ||
| 999 | |c 56064 |d 56064 | ||